KOHA-Header-6

IT Project Management Study Guide (Record no. 12759)

000 -LEADER
fixed length control field 00274nam a22001217a 4500
020 ## - INTERNATIONAL STANDARD BOOK NUMBER
ISBN 9789386551511
082 ## - DEWEY DECIMAL CLASSIFICATION NUMBER
Classification number 004.0684
100 ## - MAIN ENTRY--AUTHOR NAME
Personal name J.Ross
245 ## - TITLE STATEMENT
Title IT Project Management Study Guide
260 ## - PUBLICATION, DISTRIBUTION, ETC. (IMPRINT)
Place of publication India
Name of publisher BPB Publications
Year of publication 2017
300 ## - PHYSICAL DESCRIPTION
Number of Pages 365 pages
942 ## - ADDED ENTRY ELEMENTS (KOHA)
Koha item type Books
Holdings
Withdrawn status Lost status Collection code Permanent Location Current Location Shelving location Date acquired Full call number Accession Number Koha item type
    Computer Science MAJU MAJU Shelf No.A33 2020-12-02 004.0684 9906 Computer Science

Powered by Koha